Estudios Jurd̕icos en Homenaje al Maestro: J. Jess︢ Rendn̤ Huerta

Bibliographic Details
Format: eBook
Language:Spanish
Published: Guanajuato: Universidad de Guanajuato, 2006
Subjects:
Online Access:Acceso restringido

MARC

LEADER 00000nam a22000007a 4500
005 20131030133340.0
007 cr|||| ||||
008 131030s2006 mx |||||s|||| 01||0 spa d
020 |a 968-864-418-8 
035 |a 11593 
040 |a vLex 
090 |c 4562  |d 4562 
245 0 0 |a Estudios Jurd̕icos en Homenaje al Maestro: J. Jess︢ Rendn̤ Huerta  |h [Recurso electrn̤ico] 
256 |a Servicio en ln̕ea 
260 |a Guanajuato:  |b Universidad de Guanajuato,  |c 2006 
300 |a 1 recurso electrn̤ico 
506 1 |a Contenido solo disponible en los productos indicados  |d vLex Global  |d vLex Global (Academic Edition, excluding Law Schools)  |d vLex Global (U.S. Academic Edition, Law Schools)  |d vLex Global (U.S. Academic Edition, excluding Law Schools)  |d vLex Global (Academic Edition, Law Schools) 
650 0 4 |a Estudios jurd̕icos  
740 0 |a vLex Libros (Servicio en ln̕ea) 
856 4 0 |u http://vlex.com/source/estudios-juridicos-homenaje-maestro-j-jesus-rendon-huerta-11593  |z Acceso restringido 
942 |c BOOK 
999 0 |a Law